[Event "London Classic Open 2017"]
[Site "London ENG"]
[Date "2017.12.06"]
[Round "6.49"]
[White "Stewart, Ashley"]
[Black "Vignesh, B"]
[Result "0-1"]
[WhiteElo "2135"]
[BlackElo "2287"]
[WhiteFideId "419001"]
[BlackFideId "5073600"]
[EventDate "2017.12.02"]

1. c4 c5 2. g3 Nc6 3. Bg2 g6 4. Nc3 Bg7 5. Nf3 d6 6. O-O e6 7. a3 Nge7 8. Rb1 b6
9. b4 Bb7 10. Qa4 O-O 11. Bb2 Nf5 12. e3 Rc8 13. d3 Qe7 14. Ne4 Rfd8 15. Bxg7
Nxg7 16. Nc3 Qf6 17. Ne4 Qe7 18. Qb3 d5 19. cxd5 exd5 20. Ned2 Ne6 21. Qb2 Rc7
22. b5 Na5 23. Ne5 c4 24. Rbc1 f6 25. Ng4 d4 26. exd4 Bxg2 27. Kxg2 Rxd4 28. Ne3
Rxd3 29. Ndxc4 Ng5 30. Nxa5 Qe4+ 31. f3 Qxe3 32. Qa2+ Kf8 33. Nc4 Qe6 34. Qb1
Qd5 35. Qb4+ Rc5 36. Qb2 Kg7 37. Qb4 Rxf3 38. Rcd1 Rd3+ 39. Kf2 Qf3+ 40. Ke1
Rxd1# 0-1

[Event "London Classic Open 2017"]
[Site "London ENG"]
[Date "2017.12.06"]
[Round "6.50"]
[White "Ongut, Tamas Gunes"]
[Black "Ojas, Kulkarni"]
[Result "1/2-1/2"]
[WhiteElo "2119"]
[BlackElo "2278"]
[WhiteFideId "770280"]
[BlackFideId "25040073"]
[EventDate "2017.12.02"]

1. e4 e5 2. Nf3 Nc6 3. Bb5 a6 4. Ba4 Nf6 5. O-O Be7 6. Re1 b5 7. Bb3 d6 8. c3
O-O 9. h3 Nb8 10. d4 Nbd7 11. Nbd2 Bb7 12. Bc2 Re8 13. a4 Bf8 14. Bd3 c6 15. b3
g6 16. Bb2 Nh5 17. g3 Ng7 18. Qc2 Ne6 19. h4 Rc8 20. axb5 axb5 21. Nf1 Bg7 22.
Qd2 b4 23. cxb4 exd4 24. Ba6 Bxa6 25. Rxa6 Nb8 26. Raa1 Qb6 27. e5 dxe5 28. Nxe5
c5 29. Nc4 Qc6 30. Rac1 Na6 31. bxc5 Naxc5 32. Qd1 Rb8 33. Nfd2 Qd7 34. Qf3 Qd8
35. Ne5 Qf6 36. Qd5 Qf5 37. Ndf3 Nxb3 38. g4 Qf4 39. Rcd1 Red8 40. Qc4 Nbc5 41.
Bc1 Qf6 42. Bg5 Nxg5 43. hxg5 Qd6 44. Qxf7+ Kh8 45. Rxd4 Qf8 46. Qc7 Rdc8 47.
Qa7 Ne6 48. Nf7+ Kg8 49. Rd7 Nc5 50. Rde7 Ra8 51. Qb6 Nd3 52. Nh6+ Bxh6 53. Qb3+
Kh8 54. Qxd3 Bg7 55. Kg2 Re8 56. Qd7 Rxe7 57. Rxe7 Rd8 58. Qe6 Qf4 59. Rxg7 Rf8
60. Rg8+ Rxg8 61. Qf6+ Qxf6 62. gxf6 Rf8 63. g5 h6 64. Ne5 hxg5 65. Nxg6+ Kg8
66. Nxf8 Kxf8 67. Kf3 Kf7 68. Kg4 Kxf6 69. f4 gxf4 70. Kxf4 1/2-1/2

[Event "London Classic Open 2017"]
[Site "London ENG"]
[Date "2017.12.06"]
[Round "6.51"]
[White "Rocco, Federico"]
[Black "Lyell, Mark"]
[Result "0-1"]
[BlackTitle "FM"]
[WhiteElo "2120"]
[BlackElo "2264"]
[WhiteFideId "431362"]
[BlackFideId "402354"]
[EventDate "2017.12.02"]

1. e4 c6 2. Nc3 d5 3. Nf3 dxe4 4. Nxe4 Nf6 5. Nxf6+ exf6 6. d4 Bd6 7. Be2 O-O 8.
Be3 Bg4 9. Qd2 Qc7 10. h3 Bh5 11. O-O-O Nd7 12. g4 Bg6 13. Nh4 Rfd8 14. Ng2 c5
15. d5 c4 16. h4 Rac8 17. h5 c3 18. bxc3 Ba3+ 19. Kb1 Nc5 20. Bxc5 Qxc5 21. Qd4
Be4 22. Qxc5 Bxc5 23. f3 Bxd5 24. Nf4 Bc6 25. c4 Re8 26. Rhf1 Re3 27. Rd3 Rce8
28. Bd1 Kf8 29. Rxe3 Rxe3 30. Nd3 Bd4 31. Re1 Rxe1 32. Nxe1 Ke7 33. Nd3 f5 34.
Nb4 Bd7 35. c3 Bf2 36. Nd5+ Kd6 37. Be2 fxg4 38. fxg4 b5 39. Nf4 Bg3 40. Nh3 f5
41. cxb5 fxg4 42. Ng5 Bf5+ 43. Kb2 Bf4 44. Ne4+ Bxe4 45. Bxg4 Bd3 46. a4 Kc5 47.
Kb3 g5 48. Kb2 Be4 49. Kb3 Bc1 50. c4 Bd3 51. Be6 Be2 52. a5 Bf4 0-1

[Event "London Classic Open 2017"]
[Site "London ENG"]
[Date "2017.12.06"]
[Round "6.52"]
[White "Merriman, John"]
[Black "Abrahams, Daniel"]
[Result "1-0"]
[WhiteElo "2263"]
[BlackElo "2130"]
[WhiteFideId "402362"]
[BlackFideId "2606879"]
[EventDate "2017.12.02"]

1. d4 Nf6 2. c4 e6 3. Nc3 Bb4 4. e3 b6 5. Ne2 c5 6. a3 Ba5 7. Rb1 Nc6 8. Ng3 O-O
9. f3 d5 10. Kf2 cxd4 11. exd4 Bxc3 12. bxc3 Nb8 13. cxd5 Qxd5 14. Bb2 Ba6 15.
Bxa6 Nxa6 16. Qa4 Nb8 17. c4 Qc6 18. Qb3 Nbd7 19. Rhd1 Rfc8 20. Rbc1 Rab8 21.
Nf1 Qd6 22. g3 h5 23. Ne3 h4 24. a4 Nh5 25. Nf1 Ndf6 26. Kg2 Rd8 27. Ba3 Qc6 28.
Qb5 Rbc8 29. Ne3 Qc7 30. Qg5 hxg3 31. hxg3 g6 32. Nf1 Nh7 33. Qb5 a6 34. Qxa6
Ra8 35. Qb5 Ra5 36. Qb4 Rg5 37. Qe1 N7f6 38. Rc3 Ra8 39. Bc1 Rga5 40. d5 exd5
41. cxd5 Qd7 42. d6 Nd5 43. Rcd3 Qxd6 44. Qd2 Nhf6 45. Ne3 Nxe3+ 46. Qxe3 Rd5
47. Bb2 Rxd3 48. Rxd3 Qc6 49. Qd4 Kg7 50. Qd6 Qc2+ 51. Rd2 Qf5 52. g4 Qg5 53.
Rd5 Qh4 54. g5 1-0

[Event "London Classic Open 2017"]
[Site "London ENG"]
[Date "2017.12.06"]
[Round "6.53"]
[White "Marzano, Carlo"]
[Black "Paquico Rodriguez, Ivan"]
[Result "1-0"]
[WhiteElo "2261"]
[BlackElo "2137"]
[WhiteFideId "802980"]
[BlackFideId "2256320"]
[EventDate "2017.12.02"]

1. d4 g6 2. c4 Bg7 3. e4 d6 4. Nc3 e5 5. Nf3 Nc6 6. dxe5 dxe5 7. Qxd8+ Kxd8 8.
Bg5+ f6 9. O-O-O+ Bd7 10. Be3 Bh6 11. Bxh6 Nxh6 12. c5 Kc8 13. h3 Be6 14. Bb5
Nb8 15. Nd2 b6 16. Kb1 Kb7 17. Bc4 Bxc4 18. Nxc4 Nc6 19. Rd7 Rad8 20. Rhd1 Nd4
21. Re7 bxc5 22. Nd5 Nhf5 23. Rxc7+ Kb8 24. Na5 Rxd5 25. Rb7+ Ka8 26. exd5 Nd6
27. Rd7 Nc8 28. Nc6 h5 29. Rd3 Nb5 30. Rb3 a6 31. a4 Nb6 32. Rg7 1-0

[Event "London Classic Open 2017"]
[Site "London ENG"]
[Date "2017.12.06"]
[Round "6.54"]
[White "Barton, R Alan"]
[Black "Ronka, Erik"]
[Result "0-1"]
[WhiteElo "2052"]
[BlackElo "2260"]
[WhiteFideId "404233"]
[BlackFideId "505080"]
[EventDate "2017.12.02"]

1. d4 Nf6 2. Bg5 e6 3. Nf3 h6 4. Bxf6 Qxf6 5. e3 d6 6. Bd3 Nd7 7. c4 Qd8 8. Nc3
Be7 9. O-O c6 10. b4 O-O 11. Qb3 e5 12. Rfd1 Qc7 13. c5 exd4 14. cxd6 Bxd6 15.
exd4 Nf6 16. Re1 Bg4 17. Ne5 Be6 18. Bc4 Bxc4 19. Qxc4 Rad8 20. h3 Qb6 21. a3
Bb8 22. Rad1 Nd5 23. Nxd5 Rxd5 24. Nf3 Qc7 25. Qe2 a6 26. Qe7 Qd7 27. Qxd7 Rxd7
28. Re4 Rfd8 29. Rde1 Kf8 30. Rc1 Ba7 31. Rc4 Rd5 32. g4 f5 33. gxf5 Rxf5 34.
Kg2 Rfd5 35. h4 Bb6 36. Kg3 a5 37. Kf4 Bc7+ 38. Ke3 Bd6 39. Ne5 axb4 40. axb4
Kg8 41. Nd3 Rb5 42. Re6 Kf7 43. Re4 Ra8 44. Ne5+ Kg8 45. Nd3 Ra1 46. Re8+ Kf7
47. Rd8 Be7 48. Rd7 Ke8 49. Rc7 Kd8 50. Rxe7 Kxe7 51. Ne5 Rb1 52. Nd3 Kd6 53. h5
Rxh5 54. Nc5 b5 55. Ne4+ Kc7 56. Rc2 Rxb4 57. f3 Rb3+ 58. Kf4 Rh4+ 59. Ke5 Rxf3
60. Nc5 Re3+ 61. Kf5 Rxd4 62. Ne6+ Rxe6 0-1

[Event "London Classic Open 2017"]
[Site "London ENG"]
[Date "2017.12.06"]
[Round "6.55"]
[White "Globus, Or"]
[Black "Bates, Caspar J"]
[Result "1-0"]
[WhiteElo "2253"]
[BlackElo "2112"]
[WhiteFideId "2816776"]
[BlackFideId "414760"]
[EventDate "2017.12.02"]

1. d4 Nf6 2. c4 e6 3. g3 Bb4+ 4. Bd2 c5 5. Bxb4 cxb4 6. Bg2 d5 7. Nd2 Nc6 8.
Ngf3 O-O 9. O-O b6 10. a3 Bb7 11. axb4 Nxb4 12. Ne5 a5 13. Rc1 Rc8 14. Nb3 Ba6
15. c5 a4 16. Nd2 bxc5 17. Qxa4 Qd6 18. Rxc5 Rxc5 19. Qxb4 Rc6 20. Nxc6 Qxc6 21.
Bf3 Ne4 22. Nb3 Qc2 23. Na1 Qd2 24. Qxd2 Nxd2 25. Rc1 Rb8 26. b3 Rb4 27. Kg2 g6
28. e3 Nxf3 29. Kxf3 Kg7 30. Rc6 Bd3 31. Rc3 Be4+ 32. Ke2 g5 33. f3 Bf5 34. Kd2
h5 35. Kc1 g4 36. f4 Rb8 37. Nc2 h4 38. Kb2 hxg3 39. hxg3 Be4 40. Na3 Rh8 41. b4
Bf3 42. b5 Rb8 43. Rb3 Bd1 44. Rb4 Rb6 45. Nb1 Be2 46. Nc3 Bd3 47. Ka3 Kf6 48.
Ka4 Kf5 49. Rb2 Bxb5+ 50. Rxb5 Ra6+ 51. Ra5 Rb6 52. e4+ Kg6 53. exd5 exd5 54.
Rxd5 Rb2 55. Rg5+ 1-0

[Event "London Classic Open 2017"]
[Site "London ENG"]
[Date "2017.12.06"]
[Round "6.56"]
[White "Richardson, John R"]
[Black "Mitra, Roman C"]
[Result "1-0"]
[WhiteTitle "FM"]
[WhiteElo "2243"]
[BlackElo "2100"]
[WhiteFideId "401617"]
[BlackFideId "419540"]
[EventDate "2017.12.02"]

1. d4 d5 2. c4 c6 3. Nf3 e6 4. Nc3 Nf6 5. Bg5 Nbd7 6. e3 Be7 7. Bd3 O-O 8. O-O
h6 9. Bf4 a6 10. c5 b6 11. cxb6 Qxb6 12. Na4 Qa7 13. Rc1 Bb7 14. Ne5 c5 15. dxc5
Nxc5 16. Nxc5 Bxc5 17. Qf3 Ne4 18. Bxe4 dxe4 19. Qg3 Kh7 20. Nd7 Rfc8 21. Be5 g6
22. Nxc5 Rxc5 23. Bd4 1-0

[Event "London Classic Open 2017"]
[Site "London ENG"]
[Date "2017.12.06"]
[Round "6.58"]
[White "Stauskas, Lukas"]
[Black "Coleman, David J"]
[Result "1-0"]
[BlackTitle "CM"]
[WhiteElo "2349"]
[BlackElo "2076"]
[WhiteFideId "12808148"]
[BlackFideId "402087"]
[EventDate "2017.12.02"]

1. d4 Nf6 2. c4 g6 3. Nc3 Bg7 4. e4 d6 5. Nge2 O-O 6. Ng3 e5 7. d5 Nbd7 8. Be2
a6 9. h4 h5 10. Bg5 Qe8 11. Qd2 Nh7 12. Bh6 Bxh6 13. Qxh6 Ndf6 14. f3 Kh8 15.
O-O-O Bd7 16. Nf1 Qe7 17. Qd2 b5 18. Ne3 Rfb8 19. Bd3 Rb6 20. Rhg1 Rab8 21. g4
hxg4 22. fxg4 bxc4 23. Bxc4 a5 24. Be2 Rb4 25. Qc2 Rd4 26. Rdf1 c5 27. g5 Nh5
28. Bxh5 gxh5 29. Qe2 Bg4 30. Nxg4 hxg4 31. Qxg4 Qb7 32. Rg2 Rd3 33. Rf3 Qa6 34.
Rxf7 Rxc3+ 35. bxc3 Qd3 36. Rxh7+ Kxh7 37. g6+ 1-0

[Event "London Classic Open 2017"]
[Site "London ENG"]
[Date "2017.12.06"]
[Round "6.59"]
[White "De Abreu, Roberto N"]
[Black "Lercel, Michal"]
[Result "0-1"]
[WhiteTitle "FM"]
[WhiteElo "2110"]
[BlackElo "2244"]
[WhiteFideId "14307472"]
[BlackFideId "1114700"]
[EventDate "2017.12.02"]

1. d4 Nf6 2. c4 g6 3. g3 Bg7 4. Bg2 d6 5. Nc3 O-O 6. Nf3 Nc6 7. O-O a6 8. Qd3
Bd7 9. d5 Nb4 10. Qd1 a5 11. a3 Na6 12. Be3 c5 13. Bf4 Nh5 14. Bg5 h6 15. Bc1
Nc7 16. a4 e5 17. e4 Qe8 18. Nb5 Nxb5 19. cxb5 f5 20. Nd2 f4 21. Nc4 Qd8 22.
Nxd6 Qf6 23. Nxb7 Qb6 24. Nxa5 Rxa5 25. Bd2 Ra7 26. Ra3 Kh7 27. Bf3 Bh3 28. Re1
fxg3 29. hxg3 Raf7 30. b4 cxb4 31. Bxb4 Bg4 32. a5 Qxb5 33. Bxf8 Bxf8 34. Bxg4
Bxa3 35. Re3 Bc5 36. Rf3 Nf6 37. Qa1 Bd4 38. Qa3 Qb1+ 39. Kg2 Qxe4 40. Be6 Rg7
41. d6 Qc6 42. a6 e4 43. Rxf6 Bxf6 44. a7 e3+ 45. f3 Qc2+ 46. Kh3 e2 47. Qe3 Qd1
48. a8=Q Qh1+ 49. Kg4 Qh5+ 50. Kf4 Qg5+ 51. Ke4 Qxe3+ 0-1

[Event "London Classic Open 2017"]
[Site "London ENG"]
[Date "2017.12.06"]
[Round "6.60"]
[White "Fink-Nunn, Petra"]
[Black "Haribalu, V."]
[Result "0-1"]
[WhiteTitle "WFM"]
[WhiteElo "2071"]
[BlackElo "2205"]
[WhiteFideId "405809"]
[BlackFideId "5015189"]
[EventDate "2017.12.02"]

1. e4 c5 2. Nf3 e6 3. d4 cxd4 4. Nxd4 a6 5. Bd3 Qc7 6. O-O Nc6 7. Nxc6 dxc6 8.
a4 e5 9. Be3 Be6 10. Nc3 Nf6 11. h3 Be7 12. Qe2 O-O 13. a5 Nd7 14. Na4 c5 15.
Bc4 Bxc4 16. Qxc4 Qxa5 17. Nxc5 Qc7 18. Rfd1 Nxc5 19. b4 b5 20. Qc3 Ne6 21. Qxc7
Nxc7 22. Rd7 Bd8 0-1

[Event "London Classic Open 2017"]
[Site "London ENG"]
[Date "2017.12.06"]
[Round "6.61"]
[White "Megalios, Konstantinos"]
[Black "Nettleton, Charlie B"]
[Result "1-0"]
[WhiteElo "2203"]
[BlackElo "2047"]
[WhiteFideId "4238044"]
[BlackFideId "419710"]
[EventDate "2017.12.02"]

1. d4 d5 2. c4 dxc4 3. Nf3 Nf6 4. e3 e6 5. Bxc4 c5 6. O-O a6 7. dxc5 Qxd1 8.
Rxd1 Bxc5 9. Be2 Nc6 10. a3 Bd7 11. b4 Bb6 12. Bb2 Ke7 13. Nbd2 Rhd8 14. Nb3
Rac8 15. Nfd2 Nb8 16. Nc4 Bc7 17. Bd4 Ba4 18. Bc5+ Ke8 19. Rxd8+ Rxd8 20. Nd4
Nc6 21. Bf3 Nd5 22. Nb2 Nxd4 23. Bxd4 Bc6 24. Bxg7 a5 25. bxa5 Bxa5 26. Rc1 Ke7
27. Nc4 Bc7 28. Ne5 f6 29. Nxc6+ bxc6 30. Rxc6 Be5 31. g3 Nc7 32. Bh6 Bd6 33. a4
Rb8 34. Kg2 Kd7 35. Rc4 Rb3 36. Be4 f5 37. Bc6+ Ke7 38. Bg5+ Kf7 39. Bd8 Na6 40.
Rd4 Be5 41. Rd7+ Kg6 42. Ra7 Nc5 43. f4 Rb2+ 44. Kh3 1-0

[Event "London Classic Open 2017"]
[Site "London ENG"]
[Date "2017.12.06"]
[Round "6.62"]
[White "Jyothilal, N."]
[Black "Navrotescu, Andreea-Cristiana"]
[Result "1-0"]
[BlackTitle "WIM"]
[WhiteElo "2063"]
[BlackElo "2193"]
[WhiteFideId "5002605"]
[BlackFideId "675946"]
[EventDate "2017.12.02"]

1. d4 Nf6 2. c4 g6 3. Nc3 d5 4. cxd5 Nxd5 5. e4 Nxc3 6. bxc3 Bg7 7. Be3 c5 8.
Qd2 Qa5 9. Rc1 O-O 10. Nf3 Rd8 11. h3 Nc6 12. d5 e6 13. c4 Nb4 14. a3 Qxa3 15.
Bxc5 Nc2+ 16. Rxc2 Qxc5 17. Be2 Bd7 18. O-O a5 19. Rb1 b6 20. e5 a4 21. d6 Bc6
22. Nd4 Be8 23. f4 g5 24. Bf3 Ra7 25. Rb5 Qc8 26. Rxb6 gxf4 27. Nc6 Bxc6 28.
Rxc6 Qb8 29. Rb2 Rb7 30. Rxb7 Qxb7 31. Qxf4 Qb1+ 32. Kh2 Qb2 33. Rc5 a3 34. Qg5
f6 35. exf6 Qxf6 36. Qxf6 Bxf6 37. Ra5 Rxd6 38. Rxa3 Rd2 39. Kg3 Rc2 40. Ra8+
Kg7 41. Ra7+ Kf8 42. Ra8+ Kg7 43. Rc8 Bd4 44. Kg4 h6 45. h4 Rc3 46. Rc6 Kf7 47.
Kh5 Be3 48. Bg4 e5 49. Bf3 Bf4 50. Bd5+ Ke7 51. Re6+ Kd7 52. Kg6 Kc7 53. Kf5 Kd7
54. Ra6 Rd3 55. Ra7+ Kd6 56. Ra6+ Kd7 57. g4 Rh3 58. g5 hxg5 59. hxg5 Rh5 60.
Rg6 Be3 61. Kg4 Rh7 62. Re6 Bd4 63. g6 Rg7 64. Kf5 Kc7 65. Be4 Kd7 66. Ra6 Rg8
67. Rf6 Rg7 68. Rf8 Bc5 69. Rb8 Be7 70. c5 Bd8 71. Rb7+ Bc7 72. Kf6 Rg8 73. g7 1-0

[Event "London Classic Open 2017"]
[Site "London ENG"]
[Date "2017.12.06"]
[Round "6.63"]
[White "Prior, Stephen C V"]
[Black "Luncasu, Raul-Ionut"]
[Result "0-1"]
[WhiteElo "2037"]
[BlackElo "2191"]
[WhiteFideId "423378"]
[BlackFideId "1206222"]
[EventDate "2017.12.02"]

1. e4 c5 2. Nf3 d6 3. d3 Nc6 4. g3 g6 5. Bg2 Bg7 6. O-O Nf6 7. Re1 e5 8. c3 O-O
9. Na3 h6 10. h4 Rb8 11. Nc2 Re8 12. Ne3 b5 13. Nh2 Kh7 14. Nhg4 Nxg4 15. Nxg4
Be6 16. Ne3 Ne7 17. h5 Qd7 18. hxg6+ fxg6 19. Kh2 Rf8 20. Qd2 Rf7 21. Rh1 Rbf8
22. f3 d5 23. Kg1 d4 24. Nc2 dxc3 25. bxc3 Rd8 26. Ne1 c4 27. Bf1 cxd3 28. Bxd3
Ng8 29. Qe2 a6 30. Be3 Qc6 31. Rc1 Rc7 32. Kf2 Bf8 33. Ng2 Rcd7 34. Rhd1 Ba3 35.
Rc2 Nf6 36. Bc1 Bc5+ 37. Be3 Ba3 38. Bc1 Bc4 39. Ne1 Bf8 40. Be3 Bf7 41. Rdc1
Ba3 42. Rd1 Kg7 43. Bc1 Bc5+ 44. Be3 g5 45. Bxc5 Qxc5+ 46. Qe3 Qc6 47. Rdd2 Qe6
48. g4 Ng8 49. Be2 Ne7 50. Rxd7 Rxd7 51. c4 bxc4 52. Bxc4 Qd6 53. Bxf7 Kxf7 54.
Qc3 Ng6 55. Ng2 Qd4+ 56. Kg3 Nf4 57. Qxd4 Rxd4 58. Nxf4 gxf4+ 59. Kh3 Rd3 60.
Kg2 Ra3 61. Kf2 Kf6 62. Kg2 Kg5 63. Rc5 Kh4 64. Rxe5 Rxa2+ 65. Kf1 Kg3 66. Rh5
Kxf3 67. Rh3+ Kxe4 68. Rxh6 Kf3 69. Rh3+ Kxg4 70. Rc3 a5 71. Rd3 a4 72. Rc3 Rb2
73. Ra3 Rb4 74. Kf2 Kf5 75. Ra2 Ke4 76. Ra3 Kd4 77. Rf3 Kc5 78. Ke2 Rd4 79. Rc3+
Kb4 80. Rc8 Kb3 81. Rb8+ Rb4 82. Rh8 a3 0-1

[Event "London Classic Open 2017"]
[Site "London ENG"]
[Date "2017.12.06"]
[Round "6.64"]
[White "Ilfeld, Etan"]
[Black "Millward, Kevin P"]
[Result "1/2-1/2"]
[WhiteElo "2186"]
[BlackElo "2035"]
[WhiteFideId "2803470"]
[BlackFideId "404721"]
[EventDate "2017.12.02"]

1. e4 d5 2. exd5 Qxd5 3. Nc3 Qd6 4. Nf3 Nf6 5. Nb5 Qb6 6. d4 c6 7. Na3 g6 8. Nc4
Qc7 9. Nce5 Bg7 10. Bf4 Nh5 11. Be3 Nd7 12. Nd3 Ndf6 13. g3 Nd5 14. Bd2 Bg4 15.
c3 Rd8 16. Bg2 Bf5 17. Nde5 Nhf6 18. Qe2 Ne4 19. Bc1 Qa5 20. O-O Nd6 21. Re1 O-O
22. a3 Qc7 23. Nh4 Be6 24. Bd2 Nb6 25. Rac1 Bd5 26. Bh3 Bb3 27. Nd3 e6 28. Nf3
Bc4 29. Bf1 a5 30. Nfe5 Ba6 31. b3 Nf5 32. Qf3 a4 33. Bf4 Qe7 34. b4 Nc4 35. Nc5
Nxe5 36. Bxe5 Bxf1 37. Bxg7 Kxg7 38. Kxf1 b6 39. Ne4 Nd6 40. Nd2 Rc8 41. Qd1 Qa7
42. Qe2 Qd7 43. Qe5+ Kg8 44. Rcd1 Rce8 45. h4 f6 46. Qe3 Nb5 47. Nb1 Qd5 48. Kg1
Nd6 49. Nd2 Kg7 50. Qe2 b5 51. Ne4 Nxe4 52. Qxe4 h5 53. Rd3 Rf7 54. Rde3 Qxe4
55. Rxe4 Rfe7 56. f4 Kf7 57. Kf2 Rd7 58. Kf3 Rd5 59. R1e3 g5 60. fxg5 fxg5 61.
Re5 gxh4 62. gxh4 Kf6 63. R3e4 Rxe5 64. Rxe5 Ke7 65. Rxh5 Rf8+ 66. Kg4 Rf1 67.
Rc5 Rg1+ 68. Kh3 Ra1 69. Rxc6 Rxa3 70. Kg4 Ra1 71. Kg3 Rc1 72. Kg2 a3 73. Ra6
Rc2+ 74. Kf3 Rxc3+ 75. Ke4 Rh3 76. Ke5 Re3+ 77. Kf4 Rh3 78. Ke5 Re3+ 79. Kf4 Rh3
80. Ke5 1/2-1/2

[Event "London Classic Open 2017"]
[Site "London ENG"]
[Date "2017.12.06"]
[Round "6.65"]
[White "Oyama, Akito"]
[Black "Kobas, Mihael"]
[Result "1/2-1/2"]
[WhiteElo "2185"]
[BlackElo "2001"]
[WhiteFideId "7001630"]
[BlackFideId "14537133"]
[EventDate "2017.12.02"]

1. e4 c6 2. d4 d5 3. exd5 cxd5 4. Bd3 Nc6 5. c3 Qc7 6. h3 Nf6 7. Ne2 e5 8. dxe5
Nxe5 9. Bf4 Bd6 10. Bxe5 Bxe5 11. Nd2 O-O 12. O-O Bd7 13. Nf3 Bd6 14. Ned4 a6
15. Re1 Rfe8 16. Qb3 b5 17. Bf5 Bxf5 18. Nxf5 Bc5 19. N5d4 Rad8 20. Rxe8+ Rxe8
21. a4 bxa4 22. Rxa4 Bxd4 23. Rxd4 Re4 24. Rd1 h6 25. Nd4 Qe5 26. Kf1 Qh2 27.
Nf3 Qh1+ 28. Ng1 Qh2 29. Qb7 Re6 30. Ra1 Qe5 31. Nf3 Qe2+ 32. Kg1 Ne4 33. Rf1
Rg6 34. Qc8+ Kh7 35. Qf5 Kg8 36. Nd4 Qxb2 37. Qxd5 Nxc3 38. Qa8+ Kh7 39. Qf3 Nb5
40. Nxb5 axb5 41. Qxf7 b4 42. Qf5 Qf6 43. Qe4 Qc6 44. Qxc6 Rxc6 45. Rb1 1/2-1/2

[Event "London Classic Open 2017"]
[Site "London ENG"]
[Date "2017.12.06"]
[Round "6.66"]
[White "Mozes, Ervin"]
[Black "Sielicki, Tomasz"]
[Result "1-0"]
[WhiteTitle "IM"]
[WhiteElo "2177"]
[BlackElo "2001"]
[WhiteFideId "1200151"]
[BlackFideId "1111400"]
[EventDate "2017.12.02"]

1. g3 e5 2. Nf3 d6 3. Bg2 f5 4. d3 Nf6 5. c3 Be7 6. Qb3 c6 7. Nbd2 Na6 8. Qc2
O-O 9. b4 Kh8 10. Bb2 Qe8 11. a3 Bd7 12. c4 Qh5 13. h3 e4 14. dxe4 fxe4 15. Nxe4
Nxe4 16. Qxe4 Rae8 17. g4 Qf7 18. Qc2 Be6 19. Rc1 h5 20. e3 Nb8 21. Nd4 Bh4 22.
O-O hxg4 23. Nxe6 Qxe6 24. hxg4 Qxg4 25. Rcd1 Re6 26. Rd4 Qg5 27. Qd3 Rg6 28.
Rxh4+ Kg8 29. Rh2 Rf3 30. Qe4 Rf8 31. Qh4 Qf5 32. e4 Qe6 33. f3 Nd7 34. Qh3 Qe7
35. Qh7+ Kf7 36. Rh5 Nf6 37. Rf5 Rh6 38. Bxf6 Rxf6 39. Rxf6+ Qxf6 40. Qf5 Qxf5
41. exf5 Rh8 42. Re1 Rh4 43. Re4 Rh5 44. Re6 Rxf5 45. Rxd6 Ke7 46. Rd4 a5 47.
Kf2 axb4 48. axb4 c5 49. Re4+ Kd6 50. b5 1-0

[Event "London Classic Open 2017"]
[Site "London ENG"]
[Date "2017.12.06"]
[Round "6.67"]
[White "Sumit, Kumar"]
[Black "Busse, Tom Niklas"]
[Result "1-0"]
[WhiteElo "2176"]
[BlackElo "1996"]
[WhiteFideId "5054010"]
[BlackFideId "12981605"]
[EventDate "2017.12.02"]

1. e4 c6 2. d4 d5 3. exd5 cxd5 4. c4 Nf6 5. Nc3 g6 6. h3 Bg7 7. Nf3 O-O 8. Be2
Nc6 9. O-O a6 10. a3 dxc4 11. Bxc4 b5 12. Ba2 e6 13. Be3 Ne7 14. Ne5 Bb7 15. Rc1
Nfd5 16. Nxd5 Nxd5 17. Nd3 Nxe3 18. fxe3 Qg5 19. Qe2 Bh6 20. Rfe1 Rac8 21. Nc5
Ba8 22. Qg4 Qxg4 23. hxg4 e5 24. dxe5 Rfd8 25. e6 Bd5 26. e7 Bxa2 27. exd8=Q+
Rxd8 28. Rc2 Rc8 29. b4 Be6 30. g5 Bxg5 31. Nxe6 Rxc2 32. Nxg5 Ra2 33. Rd1 Rxa3
34. Kf2 a5 35. bxa5 Rxa5 36. Kf3 b4 37. Ne4 f5 38. Nf2 b3 39. Rb1 Rb5 40. Rb2
Kf7 41. Nd3 Kf6 42. Nc1 Rc5 43. Nxb3 Rb5 44. Rb1 Kg5 45. Nd2 Ra5 46. Kg3 h5 47.
Nf3+ Kh6 48. Rb6 Ra7 49. Nh4 Kh7 50. Rxg6 Ra3 51. Re6 Kg7 52. Nxf5+ Kf7 53. Rh6
Ra5 54. Kf4 Ra4+ 55. e4 Rb4 56. Rxh5 1-0

[Event "London Classic Open 2017"]
[Site "London ENG"]
[Date "2017.12.06"]
[Round "6.68"]
[White "Kim, Jinsoo"]
[Black "Osborne, Marcus E"]
[Result "1-0"]
[WhiteElo "1986"]
[BlackElo "2175"]
[WhiteFideId "13202405"]
[BlackFideId "404608"]
[EventDate "2017.12.02"]

1. e4 c5 2. Nf3 g6 3. d4 cxd4 4. Nxd4 Bg7 5. Nc3 Nc6 6. Be3 Nf6 7. Bc4 Qa5 8.
O-O O-O 9. Bb3 d6 10. h3 Bd7 11. Re1 Rfc8 12. Qe2 Qh5 13. Nf3 h6 14. Rad1 g5 15.
Nd5 Nxd5 16. Bxd5 Bxb2 17. Rb1 Bc3 18. Rxb7 Bxh3 19. Nxg5 Qxe2 20. Rxe2 Bg4 21.
Nf3 e6 22. Bb3 Bxf3 23. gxf3 Nd4 24. Bxd4 Bxd4 25. f4 Rab8 26. Rd7 Rd8 27. Rc7
Bb6 28. Rc3 Rbc8 29. Rg3+ Kf8 30. Kg2 Bc5 31. Rd2 Ke7 32. Rh3 Rg8+ 33. Kf3 Rg6
34. Rd3 Rf6 35. Rh4 Bb6 36. Ke2 Ba5 37. Rdh3 Rc5 38. Rg3 Rc3 39. Rh5 Rc5 40.
Rxc5 dxc5 41. Rg4 h5 42. Rh4 Rh6 43. Bc4 Bd8 44. e5 Kd7 45. Rh3 Kc6 46. f5 h4
47. f6 Rh8 48. f4 Ba5 49. Kf3 Be1 50. f5 Bg3 51. Rxg3 hxg3 52. fxe6 fxe6 53.
Bxe6 Kc7 54. Kxg3 Kd8 55. Kf4 Rh2 56. Bf7 Rf2+ 57. Ke3 Rf1 58. Ke4 Rf2 59. Kd5
Rf5 60. Kd6 Rf2 61. c4 Rf5 62. Bg6 Rg5 63. Bf7 Rf5 64. a4 a5 65. Ke6 Rf4 66. Kd5
Rf5 67. Kd6 Rf1 68. Kxc5 Kc7 69. e6 Rf5+ 70. Kd4 Rxf6 71. e7 1-0

[Event "London Classic Open 2017"]
[Site "London ENG"]
[Date "2017.12.06"]
[Round "6.69"]
[White "Brozel, Sacha"]
[Black "Lee, Kyungseok"]
[Result "1/2-1/2"]
[WhiteElo "2168"]
[BlackElo "1975"]
[WhiteFideId "429317"]
[BlackFideId "13202154"]
[EventDate "2017.12.02"]

1. g3 d5 2. Nf3 Bg4 3. Bg2 Nd7 4. c4 dxc4 5. Na3 c6 6. Nxc4 Ngf6 7. O-O e6 8. d3
Be7 9. Bd2 O-O 10. b4 Nb6 11. Na5 Rb8 12. Rb1 Bd6 13. h3 Bh5 14. Qb3 e5 15. Be3
Re8 16. b5 c5 17. Rbc1 Nbd5 18. Bd2 Bc7 19. Nc4 e4 20. dxe4 Nxe4 21. Rfd1 Qe7
22. Ne3 Nxe3 23. Qxe3 Qf6 24. Qa3 Bb6 25. Be3 Bxf3 26. Bxf3 Nxg3 27. Rc4 Nf5 28.
Bxc5 Nh4 29. Bxb6 axb6 30. Rdd4 g5 31. Be4 Re6 32. Qg3 Rbe8 33. Bxh7+ Kf8 34.
Bd3 Nf5 35. Bxf5 Qxf5 36. e3 Qxb5 37. Rc7 R8e7 38. Rd8+ Re8 39. Rdd7 Rf6 40.
Rxb7 Qb1+ 41. Kg2 Qe4+ 42. Kh2 Qc2 43. Kg2 Qe4+ 44. Kh2 1/2-1/2